| 000 | 00472nam a2200181 4500 | ||
|---|---|---|---|
| 001 | 19808 | ||
| 005 | 20230410123410.0 | ||
| 008 | 060907n1990 dr spa | ||
| 020 | _a0944007937 | ||
| 035 | _9funglode19959 | ||
| 041 | _aEN | ||
| 050 | 1 | 4 | _aK 3224 O58g 1990 |
| 100 | _aO'nes D. | ||
| 245 | 1 | 4 |
_aThe guide to legally obtaning a foreign passport / _cD. O'nes |
| 260 |
_aNew york : _bA shapolsky books, _c1990 |
||
| 300 | _a196 p. | ||
| 942 |
_2lcc _cbk |
||
| 999 |
_c60623 _d60623 |
||